Sports Quiz

Random Sports or WWE Quiz

One Man Gang/Akeem's WWF PPV Opponents Quiz Stats

Quiz not verified by Sporcle

Challenge
Share
Tweet
Embed
Score 0/20 Timer 08:00
0 Plays Today
Event Wrestler % Correct
Survivor Series 1987Hulk Hogan
91.1%
Survivor Series 1988 Hulk Hogan
91.1%
WrestleMania 4Randy Savage
86.7%
Survivor Series 1988 Randy Savage
86.7%
WrestleMania 5Shawn Michaels
82.3%
WrestleMania 6The Big Bossman
79%
WrestleMania 5Marty Jannetty
77.9%
SummerSlam 1989Jim Duggan
77.1%
SummerSlam 1989Demolition Smash
76%
SummerSlam 1989Demolition Ax
76%
Event Wrestler % Correct
Survivor Series 1987Bam Bam Bigelow
75.3%
WrestleMania 4Bam Bam Bigelow
75.3%
Survivor Series 1987Don Muraco
67.9%
Survivor Series 1987Ken Patera
66.8%
Survivor Series 1988 Koko B. Ware
66.8%
Royal Rumble 1989 Big John Studd
66.4%
Survivor Series 1987Paul Orndorff
65.7%
Survivor Series 1988 Hercules
64.2%
Survivor Series 1988 Hillbilly Jim
57.9%
Royal Rumble 1990Jimmy Snuka
49.1%

You're not logged in!

Compare scores with friends on all Sporcle quizzes.
Sign Up with Email
OR
Log In

You Might Also Like...

Show Comments

Extras

Top Quizzes Today


Score Distribution

Your Account Isn't Verified!

In order to create a playlist on Sporcle, you need to verify the email address you used during registration. Go to your Sporcle Settings to finish the process.